Bệnh học đại cương (Kèm 375 câu hỏi chọn trả lời)

שמור ב:
מידע ביבליוגרפי
מחבר ראשי: Trần Phương Hạnh
פורמט: ספר
שפה:Undetermined
יצא לאור: Hà Nội Y học 1993
נושאים:
תגים: הוספת תג
אין תגיות, היה/י הראשונ/ה לתייג את הרשומה!
Thư viện lưu trữ: Trung tâm Học liệu Trường Đại học Cần Thơ
LEADER 00553nam a2200181Ia 4500
001 CTU_7522
008 210402s9999 xx 000 0 und d
082 |a 616.07 
082 |b H107 
100 |a Trần Phương Hạnh 
245 0 |a Bệnh học đại cương (Kèm 375 câu hỏi chọn trả lời) 
245 0 |c Trần Phương Hạnh 
260 |a Hà Nội 
260 |b Y học 
260 |c 1993 
650 |a pathology 
904 |i Nguyễn Huỳnh Mai, 960821 
980 |a Trung tâm Học liệu Trường Đại học Cần Thơ